01140 2200325 4500001002100000005001500021035002500036008004100061020002200102040001200124041000800136082001800144084001600162090002000178090002200198245010500220250001100325260006500336300004300401500016700444504002500611650002600636650002200662650003000684700002200714850001200736999002200748990002200770990002200792INLIS00000000003376720191017102030 a0010-021800000000493180220s2017 yoi g ind d a978-602-6414-11-3 aYOPDYOG0 aind042[23]a364.153 a364.153 Kek aDEP 364.153 Kek aCB-D.11 2017-13981 aKEKERASAN seksual terhadap perempuan & anak :btinjauan teologi feminis /ceditor, Asnath Niwa Natar aCet. 1 aYogyakarta :bYayasan Taman Pustaka Kristen Indonesia,c2017 axiv, 213 halaman :bilustrasi ;c21 cm aDiterbitkan bekerjasama dengan Persekutuan Perempuan Berpendidikan Teologi di Indonesia (PERUATI)/Association of theologically educated women in Indonesia (ATEWI) aTermasuk bibliografi 4aSeksual, Penyimpangan 4aPelecehan seksual 4aKejahatan terhadap wanita0 aASNATH NIWA NATAR aYOPDYOG aCB-D.11/2017-1398 aCB-D.11/2017-1398 aCB-D.11/2017-1398